Unique Pokemon Typings - Statistics

General Stats
  • This quiz has been taken 31 times
  • The average score is 58 of 64
Answer Stats
Hint Answer % Correct
Latias/Latios Dragon/Psychic
100%
Shedinja Bug/Ghost
96%
Nincada Bug/Ground
96%
Stunfisk (Unova Form) Ground/Electric
96%
Torterra Ground/Grass
96%
Swinub/Piloswine/Mamoswine Ground/Ice
96%
Nidoqueen/Nidoking Ground/Poison
96%
Baltoy/Claydol Ground/Psychic
96%
Lunatone/Solrock Psychic/Rock
96%
Cutiefly/Ribombee Bug/Fairy
93%
Kyurem Dragon/Ice
93%
Drampa Dragon/Normal
93%
Tyrunt/Tyrantrum Dragon/Rock
93%
Togetic/Togekiss Fairy/Flying
93%
Ninetales (Alolan Form) Fairy/Ice
93%
Numel/Camerupt Fire/Ground
93%
Litleo/Pyroar Fire/Normal
93%
Heatran Fire/Steel
93%
Rotom (Regular Form) Ghost/Electric
93%
Drifloon/Drifblim Ghost/Flying
93%
Froslass Ghost/Ice
93%
Gastly/Haunter/Gengar Ghost/Poison
93%
Honedge/Doublade/Aegislash Ghost/Steel
93%
Frillish/Jellicent Ghost/Water
93%
Sandile/Krokorok/Krookodile Ground/Dark
93%
Diggersby Ground/Normal
93%
Zigzagoon/Linoone (Galarian Form)/Obstagoon Normal/Dark
93%
Helioptile/Heliolisk Normal/Electric
93%
Deerling/Sawsbuck Normal/Grass
93%
Bibarel Normal/Water
93%
Inkay/Malamar Psychic/Dark
93%
Raichu (Alolan Form) Psychic/Electric
93%
Snom/Frosmoth Bug/Ice
89%
Dottler/Orbeetle Bug/Psychic
89%
Sneasel/Weavile Dark/Ice
89%
Tyranitar Dark/Rock
89%
Applin/Flapple/Appletun Dragon/Grass
89%
Geodude/Graveler/Golem (Alolan Forms Electric/Rock
89%
Chinchou/Lantern Electric/Water
89%
Mimikyu Fairy/Ghost
89%
Croagunk/Toxicroak Fighting/Poison
89%
Terrakion Fighting/Rock
89%
Salandit/Salazzle Fire/Poison
89%
Volcanion Fire/Water
89%
Zubat/Golbat/Crobat Flying/Poison
89%
Marshadow Ghost/Fighting
89%
Snover/Abomasnow Grass/Ice
89%
Lileep/Cradily Grass/Rock
89%
Lotad/Lobre/Ludicolo Grass/Water
89%
Stufful/Bewear Normal/Fighting
89%
Pawniard/Bisharp Steel/Dark
89%
Sandshrew/Sandslash (Alolan Form) Steel/Ice
89%
Empoleon Steel/Water
89%
Hakamo-o/Kommo-o Dragon/Fighting
86%
Impidimp/Morgrem/Grimmsnarl Fairy/Dark
86%
Weezing (Galarian Form) Fairy/Poison
86%
Hawlucha Fighting/Flying
86%
Zen Mode Darmanitan (Galarian Form) Fire/Ice
86%
Amaura/Aurorus Ice/Rock
86%
Toxel/Toxtricity Electric/Poison
82%
Crabonimable Fighting/Ice
82%
Morpeko Dark/Electric
79%
Arctozolt Electric/Ice
79%
Nihilego Poison/Rock
79%
No matching quizzes found
Score Distribution
Percent of People with Each Score
Percentile by Number Answered
Your Score History
You have not taken this quiz